000 00800cab a2200241 4500
001 WB3426-12
008 090401t1998 xxu||||| |||| 00| 0 eng d
035 _a(Sirsi) u87327
041 _aeng
245 _aAggressive lenders
260 _c1998
350 _a0
490 _aFinancial Times
_v10 July 1998, 11(2)
520 _aThe huge increase in lending to property has led to fears that the boom-bust scenarion of the late 1980s is about to be repeated. Tables.
650 _aBOOM-BUST CYCLES
650 _aPROPERTY-COMMERCIAL PROPERTY-COMMERCIAL PROPERTY MARKET
650 _aPROPERTY INVESTMENT
650 _aPROPERTY LENDERS
650 _aPROPERTY LOANS
690 _aPROPERTY-COMMERCIAL PROPERTY-COMMERCIAL PROPERTY FINANCE AND INVESTMENT
942 _n0
948 _c10/07/1998
999 _c55082
_d55082